000 01676nam0a2200349 4500
001 RU\NLR\bibl\340312
005 20240725191020.0
021 _aRU
_b2002-899a
_9036а
035 _a(NLR Aleph) 000335183
090 _a181724
_c181724
100 _a20021120d2002 u u0rusy50 ca
101 0 _arus
102 _aRU
105 _ay dm 000yy
135 _acrgn 008aaaba
200 1 _aСредства выражения вопроса в лезгинском языке
_e(На материале соврем. худож. прозы)
_eАвтореф. дис. на соиск. учен. степ. к.филол.н.
_eСпец. 10.02.02
_fСагидова Маралхалум Чубанова
_gРос. акад. наук, Ин-т языкознания
210 _aМ.
_d2002
215 _a14 с.
_d20
320 _aБиблиогр.: с. 14 (5 назв.)
325 _aКопия доступна в Электрон. б-ке РНБ
610 0 _aФилологические науки
675 _a811.351.32'37
_v3
_zrus
686 _a16.41
_2rugasnti
686 _a10.02.02
_2oksvnk
700 1 _aСагидова
_bМ. Ч.
_gМаралхалум Чубанова
801 0 _aRU
_bRKP
_c20021120
_gPSBO
801 1 _aRU
_bRKP
_c20021120
801 2 _aRU
_bNLR
_c20030113
_grcr
942 _cBOOK
981 1 0 _a(10) Авторефераты
_b(10) 10.00.00 Филологические науки
_b10.02.00 Языкознание
_b10.02.02 Языки народов Российской Федерации (с указанием конкретного языка или языковой семьи)